| 000 | 00722nam a2200241 a 4500 | ||
|---|---|---|---|
| 001 | BRCA_5011 | ||
| 005 | 20190320204912.0 | ||
| 008 | 291010r1924----nyua######---#000-0#eng-# | ||
| 041 | _aeng | ||
| 044 | _anyu | ||
| 050 | 4 |
_aNK3053 _b.G62 1924 |
|
| 100 | 1 |
_aGöbel, Heinrich _912783 |
|
| 245 | 1 | 0 |
_aTapestries of the Lowlands _cHeinrich Göbel ; translated by Robert West. |
| 260 |
_aNueva York _bBretano´s _c1924 |
||
| 300 |
_a97 p. _bil. (algunas a color), 510 laminas _c31 cm. |
||
| 500 | _aEstado físico: Lomo desprendido | ||
| 500 | _aD111 | ||
| 650 | 1 | 4 |
_aTapices _zPaíses Bajos _912784 |
| 650 | 1 | 4 |
_aTapices _xTécnica _zPaíses Bajos _912785 |
| 700 | 1 |
_aWest, Robert _912786 |
|
| 902 | _aGFM | ||
| 942 |
_2lcc _cB |
||
| 999 |
_c4705 _d4705 |
||